00576nam a2200181 i 4500001000300000100003200003245008500035650001100120655003000131710004900161040000800210041000800218080001000226080000700236080001200243008004100255856009800296bg1 aBatóg, Tadeuszd(1934- ).10aZasady logiki /cTadeusz Batóg ; Uniwersytet im. Adama Mickiewicza w Poznaniu. 9aLogika aPodręczniki akademickie 0aUniwersytet im. Adama Mickiewicza (Poznań) cBPK0 apol a510.6 a16 a(075.8) s pl f |000 0 pol  uhttp://koha.tu.koszalin.pl/cgi-bin/koha/opac-detail.pl?biblionumber=35498yKatalog online BPK